| 000 | 00501nab a2200181 a 4500 | ||
|---|---|---|---|
| 005 | 20210219161850.0 | ||
| 008 | 991125s1985 mx 000 0 spa u | ||
| 035 | _aUPN01000193233 | ||
| 100 | 1 | _aPozas Horcasitas, Ricardo | |
| 222 | _aREVISTA MEXICANA DE SOCIOLOGIA | ||
| 245 | _aEl autor moderno y la escritura | ||
| 300 | _a225-253 | ||
| 362 | 0 | _a2013 Año 75, no. 2, abr.-jun. | |
| 653 | 0 | _aESCRITURA CRITICA | |
| 653 | 0 | _aSOCIOLOGIA DEL TEXTO | |
| 653 | 0 | _aMODERNIDAD | |
| 905 | _aArticulo | ||
| 999 |
_c165334 _d165334 |
||